Vista normal Vista MARC

Entrada Topical Term

Número de registros utilizados en: 2

001 - CONTROL NUMBER

  • control field: 59919

003 - CONTROL NUMBER IDENTIFIER

  • control field: OSt

005 - DATE AND TIME OF LATEST TRANSACTION

  • control field: 20250605150021.0

008 - FIXED-LENGTH DATA ELEMENTS

  • fixed length control field: 250605|| aca||aabn | a|a d

040 ## - CATALOGING SOURCE

  • Original cataloging agency: OSt
  • Transcribing agency: OSt

150 ## - HEADING--TOPICAL TERM

  • Topical term or geographic name entry element: Cultivos

670 ## - SOURCE DATA FOUND

  • Source citation: Work cat.: (OSt)57212: Sánchez, Ester, autora 59918, ¿Qué es la agricultura ecológica?









Instituto Departamental de Cultura del Meta - Red Departamental de Bibliotecas Públicas del Meta.